000 00267nam a22001217a 4500
008 170202b xxu||||| |||| 00| 0 eng d
041 _aeng
080 _a61
100 _a3
101 _ashm
245 _aPESTICIDET ORGANOFOSFORIKE
_cPAPADHOPULLI, G
942 _2udc
_cBK
999 _c4348
_d4348